Football par lettre - K - Statistiques

Statistiques générales
  • Ce quiz a été pris 175 fois
  • Le résultat moyen est 13 sur 15
Statistiques - réponses
Questions Réponses % Correct
Quel milieu offensif brésilien a remporté le Ballon d'Or en 2007 ? Ricardo Kaka
100%
Quel milieu de terrain français est connu pour son endurance hors du commun ? N'Golo Kanté
99%
Quel milieu de terrain allemand a remporté la Coupe du Monde en 2014, pour ensuite rester 10 ans titulaire au Réal Madrid ? Toni Kroos
97%
Quel défenseur français a été reconverti latéral droit au FC Barcelone ? Jules Koundé
96%
Quel défenseur du PSG a annoncé son départ du club en 2025 après des années hors des terrains ? Presnel Kimpembe
96%
Quel attaquant français a manqué son face à face avec Emiliano Martinez lors de la finale de la Coupe du Monde 2022 ? Randal Kolo Muani
96%
Quel attaquant anglais est le meilleur buteur de l'histoire de la sélection ? Harry Kane
95%
Quel entraîneur de foot allemand a coaché le Borussia Dortmund ainsi que le FC Liverpool ? Jurgen Klopp
92%
Quel attaquant allemand est le meilleur buteur de l'histoire de la Coupe du Monde ? Miroslav Klose
91%
Quel grand club de foot ukrainien a été victime de l'ASSE en quarts de finale de Coupe des clubs Champions en 1976 ? Dynamo Kiev
86%
Quel défenseur sénégalais a notamment évolué du côté du Napoli et de Chelsea ? Kalidou Koulibaly
78%
Quel milieu de terrain français a remporté la Coupe du Monde 1998, en occupant un poste de titulaire en finale ? Christian Karembeu
75%
Quel attaquant géorgien a renforcé l'attaque parisienne à son arrivée l'hiver 2025 ? Kvicha Kvaratskhelia
69%
Quel défenseur néerlandais des années 1980-1990 a marqué énormément de buts au long de sa carrière malgré son poste reculé ? Ronald Koeman
59%
Quel club russe des bords de la Mer Noire est l'ancien club du gardien Matvey Safonov ? FK Krasnodar
54%
Aucun quiz correspondant
Distribution des résultats
% des personnes avec chaque résultat
Percentile par nombre de réponses
Votre historique - résultats
Vous n’avez pas pris ce quiz